| 000 | 01432nam0a2200313 4500 | ||
|---|---|---|---|
| 001 | RU\NLR\BIBL_A\010306163 | ||
| 005 | 20250614032005.0 | ||
| 010 |
_a978-5-7696-4316-3 _91500 |
||
| 021 |
_aRU _b2014-4560 _9279 |
||
| 035 | _a(NLR Aleph) 010306163 | ||
| 090 |
_a10618458 _c10618458 |
||
| 100 | _a20140415d2013 |||y0rusy50 ca | ||
| 101 | 0 | _asah | |
| 102 | _aRU | ||
| 105 | _aa|||||||||||| | ||
| 200 | 1 |
_aСаха Өрөcпyyбyлyкэтин норуоттарын культуурата _e3 кылааска yөрэнэр кинигэ _fЕ. И. Винокурова, Е. П. Чехордуна, Л. Г. Дедюкина |
|
| 210 |
_aДьокуускай _cБичик _d2013 |
||
| 215 |
_a175 с. _cцв. ил. _d21 |
||
| 225 | 1 | _aСаха оскуолата | |
| 541 | 1 |
_aКультура народов Республики Саха (Якутия) _e3-й кл. _zrus |
|
| 607 | 1 |
_aСаха (Якутия), Республика _jУчебники для начальной школы _xКультура _92337671 _3RU\NLR\AUTH\661397513 |
|
| 686 | 1 | _aТ3(2Р-6Я)-7 я72 | |
| 700 | 1 |
_aВинокурова _bЕ. А. _gЕкатерина Ивановна _4070 |
|
| 701 | 1 |
_aЧехордуна _bЕ. П. _gЕкатерина Петровна _4070 |
|
| 701 | 1 |
_aДедюкина _bЛ. Г. _gЛюдмила Георгиевна _4070 |
|
| 852 |
_aNLR _bОНЛ _jЯкут./3-2887 |
||
| 942 | _cBOOK | ||
| 980 | _aNB | ||